000 00457nam a22001697a 4500
005 20230117102337.0
008 220214b ||||| |||| 00| 0 eng d
020 _a9788191019209
041 _aeng
082 _a615.9
_bGUP-M
100 _aGUPTA , P . K
245 _aMODERN TEXICOLOGY; BASIS OF ORGAN AND REPRODUCTION TOXUCITY [VOL-1]
260 _a HYDERABAD
_bPHARMAMED PRESS
300 _a460 P.
650 _aPHARMACY
_xB.PHARMA
_97083
942 _cBK
999 _c7922
_d7920